000
00314 a2200133 4500
001
153546
040
_c
Escola São Tomás de Aquino
100
_a
COLASANTI, Marina
240
1
0
_a
Ana.Z Aonde você vai?
_l
por
245
1
0
_a
Ana.Z Aonde você vai?
362
0
_a
1993
697
_a
*LITERATURA JUVENIL
942
_c
BK
999
_c
153546
_d
153546